000 00668nam a2200193 i 4500
001 67943
003 ES-MaACL
005 20251011063111.0
007 t|
008 040216s1970 sp ||||1| spa d
100 0 _aGallego Morell, Antonio,
_d1923-2009
_953576
245 1 0 _aCinco impresores granadinos de los siglos XVI y XVII /
_cpor Antonio Gallego Morell.
260 _aGranada :
_bUniversidad de Granada,
_c[1970]
300 _a151 p., 7 lám. ;
_c24 cm.
650 4 _aImprenta-
_zGranada-
_vBiobibliografĂ­as.
_9170394
740 0 _a5 impresores granadinos de los siglos XVI y XVII.
852 _aES-MaACL
_jC-45036
_bR.7665
999 _c67943
_d67943